000
00307nam a2200121Ia 4500
008
190216s9999||||xx |||||||||||||| ||und||
100
_a
Sharma Jl & Robinson Ws
245
2
_a
A Dictionar Of Science
260
_b
Cbs Publishers
_c
1985
300
_a
566p
650
_a
Dictionary Of Science
942
_c
REF
999
_c
35111
_d
35111